Detalles MARC
| 000 -CABECERA |
| campo de control de longitud fija |
00997cam a2200289 a 4500 |
| 001 - NÚMERO DE CONTROL |
| campo de control |
000020138 |
| 005 - FECHA Y HORA DE LA ÚLTIMA TRANSACCIÓN |
| campo de control |
20200929170302.0 |
| 008 - DATOS DE LONGITUD FIJA--INFORMACIÓN GENERAL |
| campo de control de longitud fija |
770715s1957 sp 001 fbspa d |
| 040 ## - FUENTE DE LA CATALOGACIÓN |
| Centro catalogador/agencia de origen |
DO-SdBNP |
| Lengua de catalogación |
spa |
| Centro/agencia transcriptor |
DLC |
| Centro/agencia modificador |
BNPHU |
| 082 ## - NÚMERO DE LA CLASIFICACIÓN DECIMAL DEWEY |
| Número de clasificación |
863.62 |
| Número de documento/Ítem |
S583d, 1957 |
| 049 ## - FONDOS LOCALES (OCLC) |
| Fondos de biblioteca |
BNGR |
| 100 1# - ENTRADA PRINCIPAL--NOMBRE DE PERSONA |
| Nombre de persona |
Silió y Cortés, César, |
| Fechas asociadas al nombre |
1865-1944 |
| 9 (RLIN) |
42734 |
| 245 10 - MENCIÓN DE TÍTULO |
| Título |
Don Álvaro de Luna / |
| Mención de responsabilidad, etc. |
César Silió. |
| 246 #4 - FORMA VARIANTE DE TÍTULO |
| Título propio/Titulo breve |
Don Álvaro de Luna y su tiempo |
| 250 ## - MENCIÓN DE EDICIÓN |
| Mención de edición |
5a ed. |
| 260 ## - PUBLICACIÓN, DISTRIBUCIÓN, ETC. |
| Lugar de publicación, distribución, etc. |
Madrid : |
| Nombre del editor, distribuidor, etc. |
Espasa-Calpe , |
| Fecha de publicación, distribución, etc. |
1957. |
| 300 ## - DESCRIPCIÓN FÍSICA |
| Extensión |
232 p. ; |
| Dimensiones |
18 cm. |
| 490 1# - MENCIÓN DE SERIE |
| Mención de serie |
Austral. Anaranjada: biografías y vidas novelescas |
| Designación de volumen o secuencia |
64 |
| 500 ## - NOTA GENERAL |
| Nota general |
Incluye índice de autores. |
| 650 #4 - PUNTO DE ACCESO ADICIONAL DE MATERIA--TÉRMINO DE MATERIA |
| Término de materia o nombre geográfico como elemento de entrada |
Novela española |
| 9 (RLIN) |
1123 |
| 650 #4 - PUNTO DE ACCESO ADICIONAL DE MATERIA--TÉRMINO DE MATERIA |
| Término de materia o nombre geográfico como elemento de entrada |
Literatura española |
| 9 (RLIN) |
632 |
| 600 14 - PUNTO DE ACCESO ADICIONAL DE MATERIA--NOMBRE DE PERSONA |
| Nombre de persona |
LUNA, ALVARO DE, |
| Fechas asociadas al nombre |
1388-1453 |
| 9 (RLIN) |
42143 |
| 651 #4 - PUNTO DE ACCESO ADICIONAL DE MATERIA--NOMBRE GEOGRÁFICO |
| Nombre geográfico |
Castilla (España{Rpara} |
| Subdivisión general |
Historia |
| Subdivisión cronológica |
JOHN II, 1406-1454 |
| 9 (RLIN) |
42144 |
| 740 0# - PUNTO DE ACCESO ADICIONAL--TÍTULO RELACIONADO O ANALÍTICO NO CONTROLADO |
| Título relacionado o analítico no controlado |
Don Álvaro de Luna y su tiempo |
| 830 #0 - PUNTO DE ACCESO ADICIONAL DE SERIE-TÍTULO UNIFORME |
| Título uniforme |
Austral. |
| Nombre de parte o sección de la obra |
Anaranjada: bíografias y vidas novelescas; |
| Designación de volumen o secuencia |
64 |
| 9 (RLIN) |
3058 |
| 910 ## - DATOS DE OPCIÓN DEL USUARIO (OCLC) |
| Datos de opción del usuario |
WM |